Heiko Neumann: Ein Ort für "Menschen mit neuem Bewusstsein"
Saved in:
| Published in: | Sehepunkte 25(2025), 10 |
|---|---|
| Main Author: | |
| Other Authors: | |
| Document Type: | Online Resource Article |
| Language: | German |
| Published: |
2025
|
| Subjects: | |
| Online Access: | kostenfrei |
| Related Items: | Enthalten in:
Sehepunkte Rezension von: Ein Ort für "Menschen mit neuem Bewusstsein" Rezension von: Ein Ort für "Menschen mit neuem Bewusstsein" |
| Author Notes: | Anita Krätzner-Ebert |
| LEADER | 03422caa a2200517 c 4500 | ||
|---|---|---|---|
| 001 | 1938555333 | ||
| 003 | DE-627 | ||
| 005 | 20260427094122.0 | ||
| 007 | cr uuu---uuuuu | ||
| 008 | 251016s2025 xx |||||o 00| ||ger c | ||
| 035 | |a (DE-627)1938555333 | ||
| 035 | |a (DE-599)KXP1938555333 | ||
| 040 | |a DE-627 |b ger |c DE-627 |e rda | ||
| 041 | |a ger | ||
| 084 | |a MG 81950 |q DE-2620/25 |2 rvk |0 (DE-625)rvk/122864:12227 | ||
| 084 | |a NR 6540 |q DE-2620/25 |2 rvk |0 (DE-625)rvk/129607: | ||
| 100 | 1 | |a Krätzner-Ebert, Anita |d 1984- |e VerfasserIn |0 (DE-588)138090440 |0 (DE-627)599095067 |0 (DE-576)306330660 |4 aut | |
| 245 | 1 | 0 | |a Heiko Neumann: Ein Ort für "Menschen mit neuem Bewusstsein" |c Anita Krätzner-Ebert |
| 264 | 1 | |c 2025 | |
| 336 | |a Text |b txt |2 rdacontent | ||
| 337 | |a Computermedien |b c |2 rdamedia | ||
| 338 | |a Online-Ressource |b cr |2 rdacarrier | ||
| 689 | 0 | 0 | |d b |0 (DE-588)4773059-6 |0 (DE-627)383681464 |0 (DE-576)216251494 |a Deutschland |g DDR |b Ministerium für Staatssicherheit |b Bezirksverwaltung Dresden |2 gnd |
| 689 | 0 | 1 | |d s |0 (DE-588)4120744-0 |0 (DE-627)105774340 |0 (DE-576)209537604 |a Mitarbeiter |2 gnd |
| 689 | 0 | 2 | |d s |0 (DE-588)4065348-1 |0 (DE-627)106119451 |0 (DE-576)209158077 |a Weltanschauung |2 gnd |
| 689 | 0 | 3 | |d s |0 (DE-588)4043774-7 |0 (DE-627)106208446 |0 (DE-576)209057408 |a Organisation |2 gnd |
| 689 | 0 | 4 | |a z |2 gnd |a Geschichte 1950-1989 |
| 689 | 0 | |5 (DE-627) | |
| 700 | 1 | |a Neumann, Heiko |d 1985- |e VerfasserIn des Bezugswerks |0 (DE-588)1109808038 |0 (DE-627)864398107 |0 (DE-576)475608461 |4 ant | |
| 773 | 0 | 8 | |i Enthalten in |t Sehepunkte |d München : Ludwig-Maximilians-Univ., 2001 |g 25(2025), 10 |h Online-Ressource |w (DE-627)33678273X |w (DE-600)2062440-2 |w (DE-576)117978736 |x 1618-6168 |7 nnas |
| 773 | 1 | 8 | |g volume:25 |g year:2025 |g number:10 |
| 787 | 0 | 8 | |i Rezension von |a Neumann, Heiko, 1985 - |t Ein Ort für "Menschen mit neuem Bewusstsein" |d Dresden : Sandstein Verlag, 2024 |h 568 Seiten |w (DE-627)1905923538 |z 9783954988501 |z 395498850X |
| 787 | 0 | 8 | |i Rezension von |a Neumann, Heiko, 1985 - |t Ein Ort für "Menschen mit neuem Bewusstsein" |b 2., leicht verbesserte Auflage |d Dresden : Sandstein Verlag, 2026 |h 568 Seiten |w (DE-627)1968030727 |z 9783954988389 |
| 856 | 4 | 0 | |u https://www.sehepunkte.de/2025/10/40241.html |x Verlag |z kostenfrei |7 0 |
| 935 | |a SAXB | ||
| 936 | r | v | |a MG 81950 |b Sicherheit (Polizei, Geheimdienste, Verfassungsschutz) |k Politologie |k Politische Systeme einzelner Länder |k Europa, Nordamerika |k Osteuropa (ehem. Ostblock) |k DDR (bis 1990) |k Einzelne politische Sachgebiete |k Sicherheit (Polizei, Geheimdienste, Verfassungsschutz) |0 (DE-627)1271025604 |0 (DE-625)rvk/122864:12227 |0 (DE-576)201025604 |
| 936 | r | v | |a NR 6540 |b Dresden |k Geschichte |k Landes- und Stadtgeschichte (Allgemeine, Deutsche und Österreichische Landes- und Stadtgeschichte, Ausländische Stadtgeschichte, Geschichte der Auslanddeutschen) |k Deutsche Landesgeschichte im Einzelnen (einschl. ehemaliger deutscher Gebiete) |k Thüringen, Sachsen, Sachsen-Anhalt |k Stadtgeschichte |k Einzelne Städte |k Städte D |k Dresden |0 (DE-627)1271496674 |0 (DE-625)rvk/129607: |0 (DE-576)201496674 |
| 951 | |a AR | ||
| 994 | |u https://www.sehepunkte.de/2025/10/40241.html | ||
| 990 | |a Deutschland / Ministerium für Staatssicherheit / Bezirksverwaltung Dresden | ||
| 990 | |a Mitarbeiter | ||
| 990 | |a Weltanschauung | ||
| 990 | |a Organisation | ||
| 990 | |a Geschichte 1950-1989 | ||
| 991 | |a Rezension (Monographie, Zeitschrift, Aufsatz) | ||
| 999 | |a KXP-PPN1938555333 |e 4978822513 | ||


